[Event "GER-chT Lands U20"]
[Site "Bad Sulza"]
[Date "2004.11.18"]
[Round "6.2"]
[White "Nikol, Christoph"]
[Black "Dietzen, Corinna"]
[Result "0-1"]
[WhiteElo "1572"]
[BlackElo "1852"]
[PlyCount "66"]
[EventDate "2004.11.15"]
[EventType "team-swiss"]
[EventRounds "7"]
[EventCountry "GER"]
[SourceTitle "EXT 2006"]
[Source "ChessBase"]
[SourceDate "2005.11.24"]
[SourceVersion "1"]
[SourceVersionDate "2005.11.24"]
[SourceQuality "1"]

1. e4 c5 2. Nf3 e6 3. d4 cxd4 4. Nxd4 a6 5. Bd3 Qc7 6. 0-0 Nf6 7. Nc3 Nc6 8. Nb3 Be7 9. f4 d6 10. Be3 b5 11. a3 0-0 12. g4 Bb7 13. g5 Nd7 14. h4 Nc5 15. h5 Nxd3 16. cxd3 f5 17. gxf6 Bxf6 18. d4 Na5 19. Nxa5 Qxa5 20. e5 Be7 21. Qg4 Rf5 22. d5 Bc8 23. exd6 Bxd6 24. Bd4 e5 25. Be3 Rxf4 26. Qe2 Rg4+ 27. Kh1 Qd8 28. Bg1 Rh4+ 29. Bh2 Bg4 30. Qe4 Bh3 31. Qf3 Bxf1 32. Rxf1 Rxh2+ 33. Kxh2 e4+ 0-1

[Event "GER-chT Lands U20"]
[Site "Bad Sulza"]
[Date "2004.11.18"]
[Round "5.2"]
[White "Nikol, Christoph"]
[Black "Strohhaeker, Raoul"]
[Result "1/2-1/2"]
[WhiteElo "1572"]
[BlackElo "2163"]
[PlyCount "47"]
[EventDate "2004.11.15"]
[EventType "team-swiss"]
[EventRounds "7"]
[EventCountry "GER"]
[SourceTitle "EXT 2006"]
[Source "ChessBase"]
[SourceDate "2005.11.24"]
[SourceVersion "1"]
[SourceVersionDate "2005.11.24"]
[SourceQuality "1"]

1. e4 c5 2. Nf3 e6 3. d4 cxd4 4. Nxd4 Nc6 5. Nb5 d6 6. Bf4 e5 7. Bg5 Nf6 8. N1c3 a6 9. Na3 b5 10. Bxf6 gxf6 11. Nd5 f5 12. Bd3 Be6 13. Qh5 Bg7 14. 0-0 f4 15. c4 bxc4 16. Bxc4 Nd4 17. Rac1 0-0 18. Nc2 Nxc2 19. Rxc2 Kh8 20. Rfc1 Rc8 21. b4 Bxd5 22. Bxd5 Rxc2 23. Rxc2 Qb6 24. Rc4 1/2-1/2

[Event "GER-chT Lands U20"]
[Site "Bad Sulza"]
[Date "2004.11.17"]
[Round "4.2"]
[White "Siebarth, Marco"]
[Black "Nikol, Christoph"]
[Result "1-0"]
[WhiteElo "2051"]
[BlackElo "1572"]
[PlyCount "89"]
[EventDate "2004.11.15"]
[EventType "team-swiss"]
[EventRounds "7"]
[EventCountry "GER"]
[SourceTitle "EXT 2006"]
[Source "ChessBase"]
[SourceDate "2005.11.24"]
[SourceVersion "1"]
[SourceVersionDate "2005.11.24"]
[SourceQuality "1"]

1. e4 e6 2. Nc3 d5 3. f4 Nf6 4. exd5 Nxd5 5. d4 Bb4 6. Bd2 c5 7. Nxd5 Bxd2+ 8. Qxd2 Qxd5 9. Nf3 0-0 10. dxc5 Qxc5 11. 0-0-0 Nc6 12. Kb1 e5 13. fxe5 Nxe5 14. Nxe5 Qxe5 15. Qd4 Qxd4 16. Rxd4 Bf5 17. Bc4 Rac8 18. a4 Rcd8 19. Rhd1 Rxd4 20. Rxd4 h5 21. h3 Be6 22. Bxe6 fxe6 23. Rd6 Rf6 24. b4 g5 25. Kb2 Kg7 26. Kb3 g4 27. hxg4 hxg4 28. Rd4 g3 29. Rd3 Rg6 30. Rd7+ Kf6 31. Rxb7 Rh6 32. Rd7 Rh2 33. Rd2 Kf5 34. Kc4 Kf4 35. Re2 e5 36. Kd5 Rh1 37. Re4+ Kf5 38. Rxe5+ Kf4 39. Re4+ Kf5 40. Re2 Rf1 41. Kc4 Kf4 42. a5 Rf2 43. Kd3 a6 44. Rxf2+ gxf2 45. Ke2 1-0

[Event "GER-chT Lands U20"]
[Site "Bad Sulza"]
[Date "2004.11.16"]
[Round "2.2"]
[White "Sohl, Jan"]
[Black "Nikol, Christoph"]
[Result "1-0"]
[WhiteElo "2002"]
[BlackElo "1572"]
[PlyCount "95"]
[EventDate "2004.11.15"]
[EventType "team-swiss"]
[EventRounds "7"]
[EventCountry "GER"]
[SourceTitle "EXT 2006"]
[Source "ChessBase"]
[SourceDate "2005.11.24"]
[SourceVersion "1"]
[SourceVersionDate "2005.11.24"]
[SourceQuality "1"]

1. e4 e6 2. d4 d5 3. Nc3 Nf6 4. Bg5 dxe4 5. Nxe4 Be7 6. Bxf6 Bxf6 7. Nf3 Nd7 8. Qd2 0-0 9. 0-0-0 b6 10. Qe3 Bb7 11. g4 Bxe4 12. Qxe4 Bg5+ 13. Kb1 c5 14. Bd3 g6 15. h4 Bf6 16. h5 cxd4 17. hxg6 hxg6 18. g5 Bg7 19. Nxd4 Qxg5 20. Nxe6 Qf6 21. Nxg7 Qxg7 22. Bc4 Nc5 23. Qh4 Rae8 24. Rd6 Re4 25. Rxg6 Rxh4 26. Rxg7+ Kxg7 27. Rxh4 Re8 28. c3 Ne4 29. Kc2 f5 30. f3 Nc5 31. b4 Nb7 32. Rd4 Kf6 33. Rd7 Re7 34. Rxe7 Kxe7 35. f4 Nd6 36. Bd3 Ke6 37. c4 Kd7 38. Kc3 Kc6 39. Kd4 a5 40. a3 axb4 41. axb4 Kc7 42. Kd5 Kd7 43. c5 bxc5 44. bxc5 Nf7 45. Bxf5+ Ke7 46. Be6 Nd8 47. f5 Nb7 48. c6 1-0

[Event "GER-chT U16"]
[Site "Greifswald"]
[Date "2003.12.28"]
[Round "3.4"]
[White "Nikol, Christoph"]
[Black "Froehlich, Sebastian"]
[Result "1-0"]
[WhiteElo "1468"]
[BlackElo "1191"]
[PlyCount "63"]
[EventDate "2003.12.27"]
[EventType "team-swiss"]
[EventRounds "7"]
[EventCountry "GER"]
[SourceTitle "EXT 2022"]
[Source "ChessBase"]
[SourceDate "2021.10.06"]
[SourceVersion "1"]
[SourceVersionDate "2021.10.06"]
[SourceQuality "1"]
[WhiteTeam "Apolda TSG U16"]
[BlackTeam "Wermelskirchen U16"]
[WhiteTeamCountry "GER"]
[BlackTeamCountry "GER"]

1. e4 d6 2. d4 Nf6 3. Nc3 g6 4. f4 Bg7 5. Nf3 0-0 6. Bd3 Bg4 7. Be3 Nbd7 8. h3 Bxf3 9. Qxf3 c5 10. d5 a6 11. a4 Qa5 12. 0-0 Rfe8 13. g4 h5 14. Be2 Rab8 15. Qg2 hxg4 16. hxg4 e6 17. Bd2 Qb6 18. g5 Nh7 19. Bc4 Kf8 20. Qh3 exd5 21. Bxd5 Bd4+ 22. Kg2 Ke7 23. Qxh7 Kd8 24. Qxf7 Re7 25. Qxg6 Qxb2 26. Bb3 Bxc3 27. Rfb1 Qxa1 28. Rxa1 Bxa1 29. Bd5 b5 30. Ba5+ Nb6 31. Qxd6+ Rd7 32. Qxb8+ 1-0

[Event "GER-chT U16"]
[Site "Greifswald"]
[Date "2003.12.27"]
[Round "1.4"]
[White "Nikol, Christoph"]
[Black "Kanevski, Vladyslav"]
[Result "1/2-1/2"]
[WhiteElo "1468"]
[BlackElo "1672"]
[PlyCount "48"]
[EventDate "2003.12.27"]
[EventType "team-swiss"]
[EventRounds "7"]
[EventCountry "GER"]
[SourceTitle "EXT 2022"]
[Source "ChessBase"]
[SourceDate "2021.10.06"]
[SourceVersion "1"]
[SourceVersionDate "2021.10.06"]
[SourceQuality "1"]
[WhiteTeam "Apolda TSG U16"]
[BlackTeam "Koeln Muelheim U16"]
[WhiteTeamCountry "GER"]
[BlackTeamCountry "GER"]

1. e4 c5 2. Nf3 e6 3. d4 cxd4 4. Nxd4 Nf6 5. Nc3 Nc6 6. Ndb5 Bb4 7. a3 Bxc3+ 8. Nxc3 0-0 9. Be2 d5 10. exd5 exd5 11. Bg5 d4 12. Ne4 Qa5+ 13. b4 Qe5 14. Nxf6+ gxf6 15. Bd2 Re8 16. f4 Qe4 17. Kf2 Bd7 18. Bd3 Qd5 19. Qf3 Qxf3+ 20. Kxf3 f5 21. Rhe1 Be6 22. Kf2 Rac8 23. Re2 Red8 24. Rae1 a6 1/2-1/2